PNJ Diablo 2 - Statistiques

Statistiques générales
  • Ce quiz a été pris 25 fois
  • Le résultat moyen est 19 sur 37
Statistiques - réponses
Actes Nom des PNJ % Correct
Deckard Cain
100%
Deckard Cain
100%
Deckard Cain
100%
Deckard Cain
100%
Deckard Cain
90%
Akara
76%
Acte IV Tyrael
76%
Charsi
71%
Gheed
67%
Ormus
67%
Acte I Warriv
67%
Warriv
67%
Drognan
62%
Meshif
62%
Meshif
62%
Acte II Jerhyn
57%
Anya
52%
Fara
52%
Acte V Malah
52%
Jamella
48%
Nihlathak
43%
Flavie
38%
Kashya
38%
Alkor
33%
Greiz
33%
Larzuk
33%
Lysander
33%
Elzix
29%
Natalya
29%
Asheara
24%
Atma
24%
Hadriel
24%
Halbu
24%
Qual'Kehk
24%
Geglash
14%
Kaelan
14%
Acte III Hrlati
10%
Aucun quiz correspondant
Distribution des résultats
% des personnes avec chaque résultat
Percentile par nombre de réponses
Votre historique - résultats
Vous n’avez pas pris ce quiz